Dušan Hanák - ten smutný Slovák

Podrobná bibliografia
Hlavný autor: Głowa, Jadwiga (Autor)
Ďalší autori: Branko, Pavel, 1921-2020 (Prekladateľ)
Médium: Článok
Jazyk:slovenčina
poľština
Fyzický popis:Fotogr.
ISSN:1335-1893
Predmet:

MARC

LEADER 00000nab a2200000 a 4500
001 vtls008879956
003 SK-MaSNL
005 20260304143716.0
008 250505c2006 xo fr|p|||||||000 b|slo
015 |a SNBRB2006/11  |2 snkbucl 
035 |a (sysno)vtls008879956 
035 |a urn:nbn:sk:snk-ab7dtb 
035 |a (uuid)b08826f4-eecb-4e72-b5ff-4e4ecb59deec 
035 |a (urnnbn)urn:nbn:sk:snk:ar-a07rjr 
038 |a SNKBUCL 
040 |a SNKBUCL  |b slo  |c SNKBUCL  |e AACR2 
041 1 |a slo  |b eng  |h pol 
044 |a xo  |c SK 
080 |a 791.633-051  |2 2001 
100 1 |a Głowa, Jadwiga  |4 aut  |9 1270167 
245 1 0 |a Dušan Hanák - ten smutný Slovák  |c Jadwiga Głowa ; preložil Pavel Branko 
300 |b Fotogr. 
500 |a Poznámky pod čiarou 
546 |a Res. angl. 
600 1 7 |a Hanák, Dušan,  |d 1938-  |2 snkbucl  |9 98563 
700 1 |a Branko, Pavel,  |d 1921-2020  |4 trl  |9 85497 
773 0 |t Kino-Ikon  |g Roč. 10, č. 1 (2006), s. 31-56  |x 1335-1893 
850 |a Slovenská národná knižnica 
852 |a Slovenská národná knižnica 
954 |a odborná, vedecká literatúra pôvodná (slovenská)  |2 lita 
958 |a article2022 
958 |a SK 
958 |a OND 
958 |a EUIPO 
999 |c 2927102  |d 2929032